Greckie odpowiedniki rzymskich bogów - Statystyki

Ogólne statystyki
  • Ten quiz został rozwiązany 247 razy
  • Średni wynik to 13 z 18
Statystyki odpowiedzi
Rzymscy Greccy % Poprawnych
Jowisz Zeus
99%
Mars Ares
91%
Minerwa Atena
88%
Neptun Posejdon
88%
Wenus Afrodyta
87%
Pluton Hades
86%
Junona Hera
86%
Wulkan Hefajstos
82%
Merkury Hermes
72%
Diana Artemida
70%
Kupidyn Eros
63%
Westa Hestia
63%
Terra Gaja
58%
Faun Pan
56%
Sol Helios
54%
Saturn Kronos
50%
Liber Dionizos
44%
Juwentas Hebe
25%
Nie znaleziono quizów pasujących do podanych kryteriów
Rozkład punktacji
Procent ludzi z każdym wynikiem
Percentyl według liczby udzielonych odpowiedzi
Twoja historia wyników
Nie rozwiązałeś tego quizu